| 000 | 00998nam a2200181Ia 4500 | ||
|---|---|---|---|
| 008 | 100921s9999 xx 000 0 und d | ||
| 082 |
_b6779 _a920.71 थ 71 |
||
| 100 | _aपाटकर मधुकर,संपा. | ||
| 245 | _aआमचे भाऊ-ना.भाऊसाहेब बांदोडकर षठ्यब्दिपूर्ति गौरव ग्रंथ. | ||
| 260 |
_bपाटकर मधुकर कृष्णाजी,मुंबई. _c1971 |
||
| 300 |
_a288 _b--- |
||
| 365 | _b11 | ||
| 520 | _aचरित्र्ेा-पुरूष. | ||
| 630 | _aआमचे भाऊ-ना.भाऊसाहेब बांदोडकर षठ्यब्दिपूर्ति गौरव ग्रंथ. | ||
| 650 | _aचरित्र्ेा-पुरूष. | ||
| 730 | _aआमचे भाऊ-ना.भाऊसाहेब बांदोडकर षठ्यब्दिपूर्ति गौरव ग्रंथ. | ||
| 942 | _cBOOK | ||
| 999 |
_c755892 _d755889 |
||